Learning Resource and Development

Experience baking / (Record no. 12134)

MARC details
000 -LEADER
fixed length control field 01123nam a2200301 i 4500
003 - CONTROL NUMBER IDENTIFIER
control field CSPC
005 - DATE AND TIME OF LATEST TRANSACTION
control field 20250127141646.0
008 - FIXED-LENGTH DATA ELEMENTS--GENERAL INFORMATION
fixed length control field 220630s2020 a b 000 0 eng d
020 ## - INTERNATIONAL STANDARD BOOK NUMBER
International Standard Book Number 9786214062829
040 ## - CATALOGING SOURCE
Transcribing agency CSPC
Original cataloging agency CSPC
Description conventions rda
Language of cataloging eng
082 0# - DEWEY DECIMAL CLASSIFICATION NUMBER
Classification number 641.815
Item number C191e
100 1# - MAIN ENTRY--PERSONAL NAME
Personal name Cariño, Celia E.,
Relator term author.
245 10 - TITLE STATEMENT
Title Experience baking /
Statement of responsibility, etc. Celia E. Cariño and Amor S. Lazaro.
264 #1 - PRODUCTION, PUBLICATION, DISTRIBUTION, MANUFACTURE, AND COPYRIGHT NOTICE
Place of production, publication, distribution, manufacture Manila :
Name of producer, publisher, distributor, manufacturer Mindshapers Co., Inc.,
Date of production, publication, distribution, manufacture, or copyright notice 2020.
300 ## - PHYSICAL DESCRIPTION
Extent vi, 180 pages :
Other physical details illustrations ;
Dimensions 27 cm.
336 ## - CONTENT TYPE
Source rdacontent
Content type term text
337 ## - MEDIA TYPE
Source rdamedia
Media type term unmediated
338 ## - CARRIER TYPE
Source rdacarrier
Carrier type term volume
504 ## - BIBLIOGRAPHY, ETC. NOTE
Bibliography, etc. note Includes bibliographical references.
505 0# - FORMATTED CONTENTS NOTE
Formatted contents note History of baking -- Principles involved in baking -- Cookies -- Cakes and icings -- Pastries -- Breads -- Suppliers directory.
650 #0 - SUBJECT ADDED ENTRY--TOPICAL TERM
Topical term or geographic name entry element Baking.
700 1# - ADDED ENTRY--PERSONAL NAME
Personal name Lazaro, Amor S.,
Relator term author.
940 ## - EQUIVALENCE OR CROSS-REFERENCE--UNIFORM TITLE [OBSOLETE] [CAN/MARC only]
Uniform title <a href="Lenie">Lenie</a>
940 ## - EQUIVALENCE OR CROSS-REFERENCE--UNIFORM TITLE [OBSOLETE] [CAN/MARC only]
Uniform title <a href="arly">arly</a>
942 ## - ADDED ENTRY ELEMENTS (KOHA)
Koha item type Books
Source of classification or shelving scheme Dewey Decimal Classification
Classification part 641.815
Item part C191e
Call number prefix FIL
Call number suffix 2020
Suppress in OPAC No
Holdings
Withdrawn status Lost status Source of classification or shelving scheme Damaged status Not for loan Home library Current library Shelving location Date acquired Total Checkouts Full call number Barcode Date last seen Copy number Price effective from Koha item type Date last checked out
    Dewey Decimal Classification     Main Library Main Library Filipiniana Section 05/12/2023   FIL 641.815 C191e 2020 024304 05/12/2023 1-4 05/12/2023 Books  
    Dewey Decimal Classification     Main Library Main Library Filipiniana Section 05/12/2023   FIL 641.815 C191e 2020 024305 05/12/2023 2-4 05/12/2023 Books  
    Dewey Decimal Classification     Main Library Main Library Filipiniana Section 09/28/2023 1 FIL 641.815 C191e 2020 026059 11/26/2024 3-4 09/28/2023 Books 10/16/2024
    Dewey Decimal Classification     Main Library Main Library Filipiniana Section 01/27/2025   FIL 641.815 C191e 2020 028825 01/27/2025 4-4 01/27/2025 Books